LEADER 00999nam0 2200253 450 001 000022833 005 20081031110207.0 100 $a20081031d1981----km-y0itaa50------ba 101 0 $aita 102 $aIt 200 1 $aCirano di Bergerac$eviaggio attraverso uno spettacolo: la versione di Franco Cuomo, la regia di Maurizio Scaparro, l'interpretazione di Pino Micol$fEdmond Rostand 210 $aFirenze$c<> casa Usher$dc1981 215 $a189 p.$cill.$d24 cm. 676 $a842.8$v(21. ed.)$9Letteratura drammatica francese. 1848-1900 700 1$aRostand,$bEdmond$0202019 701 1$aCuomo,$bFranco$038959 801 0$aIT$bUniversità della Basilicata - B.I.A.$gRICA$2unimarc 912 $a000022833 996 $aCirano di Bergerac$987593 997 $aUNIBAS BAS $aLETTERE CAT $aEXT10$b01$c20081031$lBAS01$h1102 FMT Z30 -1$lBAS01$LBAS01$mBOOK$1BASA1$APolo Storico-Umanistico$2FMAS$BFondo Masini$3FMas/817/322$6817/322$5B817/322$820081031$f04$FPrestabile Didattica